Les animaux domestiques en France - Oiseaux - Statistiques

Statistiques générales
  • Ce quiz a été pris 30 fois
  • Le résultat moyen est 11 sur 41
Statistiques - réponses
Hint Réponse % Correct
ANATIDES Canard {Colvert}
82%
CORVIDE {Geai} des chênes
73%
STURNIDES Etourneau {sansonnet}
64%
TURDIDES Grive {musicienne}
59%
COLUMBIDES Pigeon {biset}
59%
FRINGILLIDES {Pinson} des arbres
59%
PHASIANIDES Faisan {doré}
50%
ANATIDES {Oie} de Chine
50%
ANATIDES Canard de {Barbarie}
45%
FRINGILLIDES {Chardonneret} élégant
45%
PHASIANIDES {Caille} du Japon
41%
PHASIANIDES {Faisan} ordinaire
41%
FRINGILLIDES {Serin} des Canaries
32%
ANATIDES Canard {Mandarin}
27%
PSITTACIDES Perruche
27%
PHASIANIDES Caille peinte de {Chine}
23%
PHASIANIDES Coq | Poule
23%
PASSERIDE Moineau
23%
ESTRILDIDES {Moineau} du Japon
23%
COLUMBIDES Tourterelle
23%
PSITTACIDES Inséparable
18%
TURDIDES Merle
18%
NUMINIDE Pintade
18%
FRINGILLIDES Sizerin {flammé}
18%
FRINGILLIDES Tarin
18%
FRINGILLIDES Bouvreuil
14%
ANATIDES Cygne
14%
MELEAGRIDIDE Dindon
14%
ANATIDES Oie de {Guinée}
14%
PHASIANIDES Paon
14%
PSITTACIDES Perruche {calopsitte}
14%
ANATIDES Pilet des {Bahamas}
14%
FRINGILLIDES Verdier
14%
ESTRILDIDES Bec d'{argent}
9%
ESTRILDIDES Bec de {plomb}
9%
COLUMBIDES Colombe {diamant}
9%
ESTRILDIDES Diamant
9%
FRINGILLIDES {Roselin} du Mexique
9%
ANATIDES Canard {Carolin}
5%
ESTRILDIDES Calfat | Padda
0%
ANATIDES Canard de {Laysan}
0%
Aucun quiz correspondant
Distribution des résultats
% des personnes avec chaque résultat
Percentile par nombre de réponses
Votre historique - résultats
Vous n’avez pas pris ce quiz